000 007240000a22002770004500
082 _a823.309
_bSu151s
_cD
518 _a20020820
530 _aDis
100 _aSubedi, Narendra Raj
245 _aThe Scarlet letter: a work of existential fiction
260 _aKathmandu, Nepal
502 _aDissertations
_bDegree in English, Tribhuvan University
260 _c2002
300 _a50+viiip.
041 _aEng
650 _aEnglish literature
650 _aEnglish fiction
650 _aExistentialism
650 _aEnglish novel
650 _aLiterary history
650 _aLiterary criticism
650 _aHawthorne, Nathaniel
650 _aPuritanism
650 _aThe Scarlet Letter
942 _cGEN
999 _c27628
_d27628